Tous les pokémon de Louka - Statistiques

Statistiques générales
  • Ce quiz a été pris 14 fois
    2 depuis la dernière actualisation
  • Le résultat moyen est 11 sur 30
Statistiques - réponses
Hint Réponse % Correct
Boskara
100%
Chimpenfeu
100%
Mélofée
100%
Ouisticram
100%
Prinplouf
100%
Tiplouf
100%
Diamant étincelant& Perle scintillante Torterra
100%
Diamant & Perle Tortipouss
100%
Kadabra
50%
Mélodelfe
50%
Papilord
50%
Pingoléon
50%
Simiabraz
50%
Absol
0%
Bouldeneu
0%
Charkos
0%
Gallame
0%
Givrali
0%
Insolourdo
0%
Kabutops
0%
Maganon
0%
Mentali
0%
Milobellus
0%
Motisma (Chaleur,Lavage, Tonte)
0%
Noctunoir
0%
Porygon-Z
0%
Pyroli
0%
Scorvol
0%
Tauros
0%
Vacilys
0%
Aucun quiz correspondant
Distribution des résultats
% des personnes avec chaque résultat
Percentile par nombre de réponses
Votre historique - résultats
Vous n’avez pas pris ce quiz depuis la dernière actualisation